Multi-player hra pre Android

Salvato in:
Dettagli Bibliografici
Autore principale: Šimek, Jakub (Autore)
Altri autori: Drozda, Martin (Relatore della tesi)
Natura: Manoscritto Libro
Lingua:slovacco
Pubblicazione: 2019
Soggetti:
Accesso online:http://is.stuba.sk/zp/portal_zp.pl?podrobnosti=125631
Tags: Aggiungi Tag
Nessun Tag, puoi essere il primo ad aggiungerne!!

MARC

LEADER 00000ntm a22000003a 4500
001 stuzp72517
003 SK-STU
005 20190903143611.5
007 ta
008 150427s2015----xo-----f-mn---000-0-slo-d
040 |a STU  |b slo 
041 0 |a slo 
044 |a xo 
100 1 |a Šimek, Jakub  |u 035000  |4 aut  |U FEI Fakulta elektrotechniky a informatiky  |T FEI Ústav informatiky a matematiky  |X 81477  |U E050  |Y 816  |7 81477 
242 0 1 |a Multi-player game for Android  |y eng 
245 1 0 |a Multi-player hra pre Android 
260 |c 2019 
300 |a 39 s.,  |b CD-ROM 
650 4 |a Hra viacerých hráčov  |2 slo 
650 4 |a Google Nearby  |2 slo 
650 4 |a Bluetooth Low Energy  |2 slo 
650 4 |a Bluetooth Smart  |2 slo 
650 4 |a Firebase  |2 slo 
650 4 |a Bluetooth Smart  |2 eng 
650 4 |a Multiplayer game  |2 eng 
650 4 |a Google Nearby  |2 eng 
650 4 |a Bluetooth Low Energy  |2 eng 
650 4 |a Firebase  |2 eng 
700 1 |a Drozda, Martin  |u 035000  |k Z1  |4 ths  |U FEI Fakulta elektrotechniky a informatiky  |T FEI Ústav informatiky a matematiky  |X 71006  |U E050  |Y 816  |7 A000071006 
856 4 |u http://is.stuba.sk/zp/portal_zp.pl?podrobnosti=125631 
996 |b 284ER03054  |c E*Bc- 3054  |l EE35  |s P  |a 0  |w stuzp72517_0001